000 00821nam0a2200289 4500
001 RU\NLR\bibl\29984
005 20250615022123.0
010 _a5-7107-1962-5
_920000
021 _aRU
_b98-33081
_91571
035 _a(NLR Aleph) 000029194
090 _a144419
_c144419
100 _a19990527d1998 |||y0rusy50 ca
101 0 _arus
102 _aRU
105 _a|||||||||||||
200 1 _aБольшой справочник школьника
_e5-11 кл.
_f[Отв. ред. Е.Е. Узлова]
210 _aМ.
_cДрофа
_d1998
215 _a1104 с.
_cил.
_d26
686 _aШ9
_bЯ2
702 1 _aУзлова
_bЕ. Е.
_4340
801 0 _aRU
_bNLR
_c19990527
_gPSBO
801 1 _aRU
_bNLR
_c19990527
852 _aNLR
_j99-7/620
942 _cBOOK
980 _aNB